000 02001cam a2200265 4500500
005 20260322004246.0
041 _afre
042 _adc
100 1 0 _aTognidé, Mathieu C.
_eauthor
700 1 0 _aTognon, Francis
_eauthor
700 1 0 _aGansou, Grégoire Magloire
_eauthor
700 1 0 _aEzin-Houngbe, Josiane
_eauthor
700 1 0 _aAhyi, René Gualbert
_eauthor
700 1 0 _aC, Labitan
_eauthor
245 0 0 _aImpacts psychosociaux du non-paiement des soins sur les indigentes retenues à l’HOMEL (Bénin)
260 _c2010.
500 _a86
520 _aLa plus grande proportion des malades ne bénéficie d’aucune prestation de la sécurité sociale dans nos pays en voie de développement. Les conséquences sont entre autres l’incapacité de payer les soins après en avoir bénéficié. L’objectif de cette étude est de déterminer les impacts psychosociaux sur les femmes indigentes retenues à l’hôpital Mère-enfant de la lagune (HOMEL) pour non paiement de soins. C’est une étude descriptive, analytique rétrospective et prospective qui s’est déroulée du 1er janvier 2005 au 31 août 2005. Il ressort de celle-ci que 94,3 % des femmes indigentes retenaues sous les paillotes de l’HOMEL sont âgées de 15 à 34 ans avec un revenu mensuel inférieur au SMIG béninois. Les impacts psychosociaux sont essentiellement les sentiments de honte 85,91 %, d’anxiété 83,33 % et un affect dépressif avec parfois une dépression 43,48 %. L’analphabétisme (75 % des femmes indigentes), la pauvreté (98,61 % des femmes ont un revenu inférieur SMIG béninois), la polygamie (34,92 %) sont des facteurs déterminants de l’indigence des femmes à l’HOMEL.
690 _afemmes indigentes
690 _aImpacts
690 _apsychosociologie
690 _asoins
786 0 _nPsy Cause | 58 | 2 | 2010-01-10 | p. 17-20 | 1245-2394
856 4 1 _uhttps://shs.cairn.info/revue-psy-cause-2010-2-page-17?lang=fr&redirect-ssocas=7080
999 _c1738850
_d1738850